00683nab a2200205 i 4500001000400000003000400004005001700008008003900025040000800064041000800072044000800080080001200088100014200100245010200242260001000344500002600354773006900380942001300449999001500462BPPBPK20160210141806.0141013s1985 us n f |000 0eng cBPK aeng aUSA a531/534 aGOSIEWSKI, Zdzisław.d1974 - 1993.bWyższa Szkoła Inżynierska w Koszalinie - Instytut Budowy Maszyn,cZakład Mechaniki Technicznej aAutomatic balancing of flexible rotors.nPart 1,pTheopretocal background /cZdzisław Gosiewski. c1985. aDane z kartoteki bpp. iW :tJournal of Sound and Vibration. -g1985, nr 100, s. 551-567 cART2UKD c7022d7022